000
00246nam a22001217a 4500
040
_c
SK
082
_a
111
100
_a
NA
245
_a
Faculty of agricultural technology and management
260
_a
RUA
_b
NA
_c
1995
300
_a
9p.
942
_c
EK
999
_c
8725
_d
8725